00582cam a22001697a 4500008004000000020001800040082001800058245012000076260003000196300001000226650002900236650004300265650003400308650003400342700002000376700001600396180718b2010 xxu||||| |||| 00| 0 eng d a9788182744851 aT19x517 W233m aMongolia in the 21st century : society, culture and international relationscedited by K.Warikoo and Sharad K. Soni aNew DelhibPentagonc2010 a374p. aMongolia -- Civilization aMongolia -- Foreign relations -- India aMongolia -- Foreign relations aNational security -- Mongolia aSoni, Sharad K. aWarikoo, K.